• 首页
  • 本馆介绍
  • 公告通知
  • 最新文献
  • 馆藏检索
  • 电子资源
  • 读者导购
  • 参考咨询
  • 我的图书馆
  • 登录
  • 详细信息显示
  • 放入我的书架
  • 预约/预借图书
  • 作者相关作品
  • 分类相关作品
  • 丛书相关作品
  • 出版社相关作品

书目信息

  • 表格格式
  • 工作单格式
  • 卡片格式
题名:
现代外国哲学
    
 
作者: ;中国现代外国哲学学会 主编
分册: 7   存在主义专辑
出版信息: 北京   人民出版社  1985
页数: 375页
开本: 19cm
丛书名:
单 册:
中图分类: B15
科图分类:
主题词: 哲学--世界--现代
电子资源:
ISBN:
000 00740nam0 2200241 45
001 0185000412
005 20041108093515.7
010    @dCNY2.40
091    @a2001.263
100    @a19951006d1985 emky0chiy0121 ea
101 0  @achi
102    @aCN@b110000
105    @ay z 000yy
200 10 @a现代外国哲学@Axian dai wai guo zhe xue@h7@i存在主义专辑@f中国现代外国哲学学会主编@FZhong Guo Xian Dai Wai Guo Zhe Xue Xue Hui Zhu Bian
210    @a北京@c人民出版社@d1985
215    @a375页@d19cm
517    @a存在主义专辑@ACun Zai Zhu Yi Zhuan Ji
606 0  @a哲学@x世界@x现代
690    @aB15@v3
711 02 @a中国现代外国哲学学会@4主编
801  0 @aCN@b深圳图书馆@c20040508
801  2 @aCN@bNLC@c20040508
905    @dB15@e12:7@f1@b149730
    
    现代外国哲学.7.存在主义专辑/中国现代外国哲学学会主编.-北京:人民出版社,1985
    375页;19cm
    
    
    ISBN :CNY2.40
    
●
相关链接 在E读中查询图书 在五车中查询图书 在当当中查询图书 在豆瓣中查询图书


正题名:现代外国哲学     索取号:B15/12:7         预约/预借

序号 登录号 条形码 馆藏地/架位号 状态 备注
1 0149730   001124660   密集书库/ [索取号:B15/12:7] 在馆    
2 0149731   001124651   第一样本阅览室/ [索取号:B15/12:7] 在馆    
唐山师范学院图书馆 欢迎您!
大连网信软件有限公司© 版权所有